Meilleures universités en Europe - Statistiques

Statistiques générales
  • Ce quiz a été pris 144 fois
  • Le résultat moyen est 8 sur 50
Statistiques - réponses
Hint Réponse % Correct
Royaume-uni University of Oxford
92%
Royaume-uni University of Cambridge
83%
France Sorbonne University
69%
Allemagne Free University of Berlin
35%
Suisse University of Bern
35%
Pays-Bas University of Amsterdam
34%
Irlande Trinity College Dublin
29%
Royaume-uni The University of Manchester
28%
Finlande University of Helsinki
26%
France Paris-Saclay University
23%
Royaume-uni University of Birmingham
23%
Royaume-uni University of Glasgow
23%
Norvège University of Oslo
21%
Suisse ETH Zurich – Swiss Federal Institute of Technology
20%
Royaume-uni King’s College London
19%
Royaume-uni University of Bristol
17%
Royaume-uni University of Leeds
17%
Royaume-uni Imperial College London
14%
Belgique Katholieke Universiteit Leuven
13%
Suisse University of Geneva
13%
Royaume-uni The University of Edinburgh
11%
Royaume-uni University College London
11%
Royaume-uni University of Sheffield
11%
Royaume-uni The University of Warwick
9%
Danemark University of Copenhagen
9%
Suisse École polytechnique fédérale de Lausanne
8%
Pays-Bas Eindhoven University of Technology
8%
Allemagne Heidelberg University
8%
Royaume-uni University of Nottingham
8%
Royaume-uni University of Southampton
8%
Royaume-uni University of St Andrews
8%
Finlande Uppsala University
7%
Pays-Bas Delft University of Technology
6%
Russie Lomonosov Moscow State University
6%
Suède Lund University
6%
Royaume-uni Durham University
5%
Royaume-uni Leiden University
4%
France Paris Sciences et Lettres University
3%
Royaume-uni Queen Mary University of London
3%
Finlande Aalto University
2%
Suède KTH Royal Institute of Technology
2%
Suisse University of Zurich
2%
Pays-Bas Utrecht University
2%
Danemark Technical University of Denmark
1%
Allemagne Technical University of Munich
1%
Royaume-uni The London School of Economics and Political Science
1%
Pays-Bas Wageningen University & Research
1%
Suède Chalmers University of Technology
0%
Allemagne Ludwig Maximilian University of Munich
0%
France Polytechnic Institute of Paris
0%
Aucun quiz correspondant
Distribution des résultats
% des personnes avec chaque résultat
Percentile par nombre de réponses
Votre historique - résultats
Vous n’avez pas pris ce quiz